000 00487nam a2200169Ia 4500
999 _c27157
_d27157
003 OSt
005 20201204103919.0
008 190216s9999||||xx |||||||||||||| ||und||
040 _coclc
082 _a894.8123
_bVIV/S
100 _aVivekanandan, G
_97142
245 0 _aSruthibhamgam /
_cG Vivekanandan
260 _bPoorna Publications,
_c1990.
_aKozhikode:
300 _a218p
650 _aMalayalam Novel
942 _cBK
_2ddc
_h894.8123
_iVIV/S
_k894.8123
_mVIV/S